00354pab a2200145 454500008004000000100001800040245005500058260000900113300001300122362000800135650002000143650001400163650002000177773001100197180718b2007 xxu||||| |||| 00| 0 eng d aRajwade, A.V. aInflation vs growth: inflation and monetary policy c2007 ap.17-19. aOct aMonetary policy aInflation aEconomic growth aYojana